The Gītā and Indian culture. (Record no. 58392)

MARC details
000 -LEADER
fixed length control field 00513cam a22001931 4500
001 - CONTROL NUMBER
control field sa 64004245
003 - CONTROL NUMBER IDENTIFIER
control field DLC
005 - DATE AND TIME OF LATEST TRANSACTION
control field 20260227112023.0
008 - FIXED-LENGTH DATA ELEMENTS--GENERAL INFORMATION
fixed length control field 790712s1963 ii 000 0 eng
010 ## - LIBRARY OF CONGRESS CONTROL NUMBER
LC control number sa 64004245
035 ## - SYSTEM CONTROL NUMBER
System control number (OCoLC)5162804
040 ## - CATALOGING SOURCE
Original cataloging agency DLC
Transcribing agency MnMohC
Modifying agency DLC
050 00 - LIBRARY OF CONGRESS CALL NUMBER
Classification number BL1130
Item number .J3
100 0# - MAIN ENTRY--PERSONAL NAME
Personal name Jaya Chamaraja Wadiyar,
Dates associated with a name 1919-1974.
245 14 - TITLE STATEMENT
Title The Gītā and Indian culture.
260 ## - PUBLICATION, DISTRIBUTION, ETC.
Place of publication, distribution, etc. Bombay,
Name of publisher, distributor, etc. Orient Longmans
Date of publication, distribution, etc. [1963]
300 ## - PHYSICAL DESCRIPTION
Extent iv, 68 p.
Dimensions 19 cm.
630 00 - SUBJECT ADDED ENTRY--UNIFORM TITLE
Uniform title Bhagavadgītā.

No items available.

Powered by Koha